000 00442nam a2200169Ia 4500
008 230125s9999 xx 000 0 und d
041 _aeng
082 _a376
_bGOL
100 _aHinge Y Y
_9111980
245 _aPachava Vetan Ayog margadarshak
260 _c1999
_bSan publication
500 _aMarathi book,Vetan ayog
500 _aEducation;Fifth pay scale
650 _aEducation
700 _aHinge Y Y
_9111980
999 _c88907
_d88907